000 01765nam a2200229Ia 4500
003 Ost
005 20260507075059.0
008 260507s9999||||xx |||||||||||||| ||und||
020 _a7394804977
040 _cfsecg
041 _aara
082 _a341
100 _aجويلي، سعيد سالم
_eمؤلف
245 0 _aتنفيذ القانون الدولي الإنساني /
_c سعيد سالم جويلي
260 _aالقاهرة:
_bدار النهضة العربية,
_c2003
300 _a259 صفحة؛
_c24 سم
504 _aببليوغرافيا ص.245
520 _aوسائل تنفيذ القانون الدولي الإنساني،وسائل المنع أو الوقاية،وسائل الإشراف والمراقبة،وسائل القمع،وسائل أخرى من أجل تنفيذ القانون الدولي الإنساني،تنفيذ القانون الدولي الإنساني في المنازعات المسلحة غير الدولية،المسؤولية الدولية الجنائية عن انتهاك القانون الدولي الانساني،مفهوم المسؤولية الدولية الجنائية،الطبيعة القانونية لانتهاكات القانون الدولي الانساني،اختصاص القضاء الجنائي الدولي بتنفيذ القانون الدولي الانساني،مفهوم الاختصاص في القانون الدولي الجنائي،اختصاص المحاكم الجنائية الدولية بتنفيذ القانون الدولي الانساني،الجوانب القانونية الرئيسية للمحكمة الجنائية الدولية
653 _aالقانون الدولي
653 _aحقوق الانسان
942 _cكتاب
999 _c42769
_d42769